000 00423nam a2200169 a 4500
001 0000-8967
003 ELIB.Books
008 110520 1980
035 _a(ELIB.Books)0000-9116
082 _aB
_bFow
100 _aFowler, James W.
245 _aTrajectories in Faith...
260 _bNashville: The Parthenon Press
_c1980
650 _aBiography
942 _2ddc
_cBK
998 _cbat
_e2011-05-20
999 _c8967
_d8967